000 00651nam a2200241Ia 4500
003 OSt
005 20220918212054.0
006 a|||||r|||| 00| 0
007 ta
008 220917b |||||||| |||| 00| 0 eng d
024 _a127,080
037 _cTextual
040 _aARTS
_cARTS
_beng
041 _2eng
_aeng
082 _aW6.1(Y:4), L7
100 _aLijphart A
_9122332
245 0 _aDemocracy in plural societies
_b A comparative exploration
260 _aN Haven
_bY U P
_c1977
300 _ax, 248p.
_ccm.
650 _aPOLITICAL SCIENCE
942 _hW6.1(Y:4), L7
_cTEXL
_2CC
999 _c250222
_d250222